| 000 | 00427cam a2200181ua 4500 | ||
|---|---|---|---|
| 020 | _c1 | ||
| 041 |
_amal _h |
||
| 082 |
_a894.812 301 _bMAL/UN |
||
| 100 | _aMallayya, V S . | ||
| 245 |
_aUnangatha Vrinangal / _cV S Mallayya. _hTextual Documents |
||
| 250 |
_a1 / _b. |
||
| 260 |
_aThrissur : _bBooks International , _c1961. |
||
| 300 | _a76 ; . | ||
| 365 | _a1 | ||
| 504 | _a | ||
| 942 | _cBK | ||
| 999 |
_c3946 _d3946 |
||